Where is the Capital on the Country Map? - Multiple Choice - Statistics

General Stats
  • This quiz has been taken 45,925 times
    45,696 since last reset
  • The average score is 11 of 15
Answer Stats
Question Answer % Correct
Where is the capital of France?
91%
Where is the capital of the United Kingdom?
90%
Where is the capital of Germany?
86%
Where is the capital of Spain?
84%
Where is the capital of the United States?
83%
Where is the capital of India?
76%
Where is the capital of Turkey?
75%
Where is the capital of Sweden?
74%
Where is the capital of Japan?
74%
Where is the capital of Egypt?
73%
Where is the capital of Australia?
73%
Where is the capital of Brazil?
71%
Where is the capital of China?
70%
Where is the capital of Canada?
66%
Where is the capital of Morocco?
38%
No matching quizzes found
Score Distribution
Percent of People with Each Score
Percentile by Number Answered
Your Score History
You have not taken this quiz since the last reset